Normal view
MARC view
Entry Nombre corporativo
001 - NÚMERO DE CONTROL
- campo de control: 81582
003 - IDENTIFICADOR DEL NÚMERO DE CONTROL
- campo de control: BNPHU
005 - FECHA Y HORA DE LA ÚLTIMA TRANSACCIÓN
- campo de control: 20240715094133.0
008 - DATOS DE LONGITUD FIJA
- campo de control de longitud fija: 220510|| aca||aabn | a|a d
040 ## - FUENTE DE LA CATALOGACIÓN
- Centro catalogador/agencia de origen: DO-SdBNP
- Lengua de catalogación: spa
- Centro/agencia transcriptor: BNPHU
- Normas de descripción: rda
110 20 - ENCABEZAMIENTO-NOMBRE DE ENTIDAD CORPORATIVA
- Nombre de entidad corporativa o nombre de jurisdicción como elemento de entrada: Ciudad Alternativa (Firma comercial : Santo Domingo, República Dominicana)
670 ## - FUENTE DE DATOS ENCONTRADOS
- Cita de la fuente: Work cat.: (DO-SdBNP)51687: Producción de pobreza en el mundo. /, 2021
670 ## - FUENTE DE DATOS ENCONTRADOS
- Cita de la fuente: Antología urbana de Ciudad Alternativa, 1996
- Información encontrada:
- Identificador Uniforme del Recurso: https://authorities.loc.gov/cgi-bin/Pwebrecon.cgi?AuthRecID=422494&v1=1&HC=1&SEQ=20240415103217&PID=C1xoaky2tbJG72slxK34cpizkcyp Consultado en: 15 de Julio, 2024
